Normal view
MARC view
- Berg, Björn,
Entry Nombre Personal
001 - NUMERO DE CONTROL
- campo de control: 54034
003 - IDENTIFICADOR DE NUMERO DE CONTROL
- campo de control: DLC
005 - FECHA Y HORA DE LA ÜLTIMA TRANSACCIÓN
- campo de control: 20241011104528.0
008 - DATOS DE LONGITUD FIJA
- campo de control de longitud fija: 241011|| aca||aabn | aaa d
010 ## - NÚMERO DE CONTROL DE LA BIBLIOTECA DEL CONGRESO
- Número de control LC: n 79054224
035 ## - NUMERO DE CONTROL
- Número de control: (OCoLC)oca00287362
040 ## - FUENTE DE CATALOGACIÓN
- Agencia original de catalogación: DLC
- Lenguaje de catalogación: spa
- Agencia de transcripción: DLC
- Agencia que lo modifica: DLC
- Agencia que lo modifica: InU
- Agencia que lo modifica: OCoLC
- Agencia que lo modifica: MX-MxUPN
046 ## - FECHAS CON CODIFICACIÓN ESPECIAL
- Fecha de nacimiento: 19230917
- Fecha de muerte: 20080714
100 1# - ENCABEZAMIENTO - NOMBRE PERSONAL
- Nombre personal: Berg, Björn,
- Date of a work: 1923-2008
374 ## - OCUPACIÓN
- Occupation: Ilustrador
- Occupation: Pintor
- Occupation: Artista gráfico
377 ## - LENGUA ASOCIADA
- Language code: swe
670 ## - FUENTE EN LA QUE SE LOCALIZARON DATOS
- Cita de la fuente: Autoridades LC, 11 octubre 2024 :
- Información localizada: (Berg, Björn, 1923-2008)
- Uniform Resource Identifier: https://lccn.loc.gov/n79054224
902 ## - CATALOGADOR
- Catalogador: MaríaRobles/111024
